000 00409pab a2200169 454500
008 180718b2007 xxu||||| |||| 00| 0 eng d
100 _aNason, James M.
245 _aThe McKenna rule and UK world war I finance
260 _c2007
300 _ap.290-94.
362 _aMay
650 _aFiscal policy
700 _aVahey, Shaun P.
773 _aAmerican Economic Review
908 _aN
909 _a74165
999 _c74165
_d74165